000 00918nam a2200265Ia 4500
003 OSt
005 20221005112859.0
006 a|||||r|||| 00| 0
007 ta
008 221004b |||||||| |||| 00| 0 pan d
020 _a9386837080 (hbk)
_cINR 250.00
024 _a45151
037 _b171, 15/02/2019, National Book Shop
_cTextual
040 _aCRL
_cCRL
_bpan
041 _2pan
_apan
082 _aO153,3NCHA,TG, Q8
100 _aਚੌਹਾਨ, ਗੁਲ, ਂਚ.
245 0 _aਤੋਤਾ ਗਲੀ
260 _aਦਿੱਲੀ
_bਐਵਿਸ ਪਬਲੀਕੇFਨਗ਼ ਭਾਰਤ
_c2018
300 _a142ਪ੍ਰ0
_ccm.
650 _a ਪੰਜਾਬੀ ਕਹਾਣੀ
650 _aਪੰਜਾਬੀ ਸਾਹਿਤ
942 _hO153,3NCHA,TG, Q8
_cTEXL
_2cc
999 _c1026300
_d1026300